1905 1316 1241 1729 1326 1102 1213 1466 1401 1232 1819 1062 1216 1755 1787 1457 1682 1905 1197 1642 1278 1870 1277 1378 1454 1440 1267 1108 1906 1700 1145 1383 1930 1751 1921 1651 1137 1689 1857 1091 1679 1583 1034 1429 1553 1632 1286 1526 1301 1343 1669 1420 1515 1219 1177 1682 1843 1801 1956 1817 1359 1207 1462 1861 1008 1986 1197 1483 1515 1084 1013 1548 1031 1733 1578 1495 1997 1582 1434 1222 1647 1120 1614 1557 1306 1821 1408 1176 1717 1426 1458 1232 1622 1914 1257 1499 1343 1748 1223 BCNSPRNW ULIB Ver.6.0+V

เปลี่ยนเป็นภาษาไทย

Change to English
 แสดงรายละเอียดบรรณานุกรม
  กลับหน้าหลัก

Brief Record : Get Marc (ISO 2709) : E-mail record : QR code < ปิดหน้าต่าง
LEADER : 00000nam 2200000uu 4500
001    13399110444
003     ULIB
008    110530s2011||||th 000 0 eng d
020    9781608311255
060 04 WY18.2^bB598l 2011
100 1  Billings, Diane McGovern
245 00 Lippincott s Q&A review for NCLEX-RN /^cDiane M. Billings
246 3  Lippincott s Q and A review for NCLEX-RN
246 3  NCLEX-RN
246 30 Q&A review for NCLEX-RN
250    10th ed
260    Philadelphia :^bWolters Kluwer Health/Lippincott Williams& Wilkins,^c2011
300    xiii, 1068 p. :^bill. (some col.) ;^c28 cm. +^e1 CD-ROM (3/4 in.)
504    Includes bibliographical references
650  0 Nursing^vExaminations, questions, etc
650  0 Nursing^vExaminations, questions, etc
650  2 Nursing Care^vExamination Questions
945    ^p2300^l0^i030102
995    Kesorn
999 ^a ใช้งานได้ทุกระบบ
รายการนี้ยังไม่มีแท็ก
คุณยังไม่ได้ล็อกอิน คุณสามารถมีกิจกรรมร่วมกับเว็บไซต์ได้ แต่ต้องล็อกอินก่อน ::
  ล็อกอิน

รายการสื่อสารสนเทศ

ลำดับที่ ประเภท เลขเรียก/บาร์โค้ด สถานที่ สถานะ
- ไม่พบข้อมูล -

BibComment


ยังไม่เคยถูกคอมเมนท์

คอมเมนท์ทรัพยากรรายการนี้
  คอมเมนท์: Lippincott s QA r..


 Copyright 2026. Bcnsprnw @Library